000 00233nam a2200109Ia 4500
008 190216s9999||||xx |||||||||||||| ||und||
100 _aAgarwal M L
245 0 _aCost Accounting
260 _bNull
_c1982
300 _a814p
942 _cBK
999 _c4296
_d4296